1993 Speedway World Championship Final - Statistics

General Stats
  • This quiz has been taken 3 times
  • The average score is 12 of 18
Answer Stats
Pos Answer Nationality Pts % Correct
12 Armando Castagna Italy 5
100%
2 Hans Nielsen Denmark 11+3
100%
8 Peter Karlsson Sweden 8
100%
1 Sam Ermolenko United States 12
100%
7 Tomasz Gollob Poland 8
100%
5 Andy Smith England 10
67%
10 Billy Hamill United States 7
67%
3 Chris Louis England 11+2
67%
11 Gerd Riss Germany 6
67%
16 Greg Hancock United States 2
67%
4 Henrik Gustafsson Sweden 10
67%
15 Leigh Adams Australia 4
67%
14 Tony Rickardsson Sweden 4
67%
R2 Brian Karger Denmark 0
33%
6 Gary Havelock England 10
33%
13 Joe Screen England 5
33%
9 Per Jonsson Sweden 7
33%
R1 Ronnie Correy United States 0
33%
No matching quizzes found
Score Distribution
Percent of People with Each Score
Percentile by Number Answered
Your Score History
You have not taken this quiz